Movies [juego] : un juego de película /
Guardado en:
| Formato: | Objeto Físico |
|---|---|
| Publicado: |
Argentina :
Ruibal, [199?]
|
| Materias: | |
| Etiquetas: |
Agregar Etiqueta
Sin Etiquetas, Sea el primero en etiquetar este registro!
|
| LEADER | 00968nrm a22001815g 4500 | ||
|---|---|---|---|
| 001 | CEM.cems019188 | ||
| 008 | 130507b199?##################0###0#####d | ||
| 005 | 20220829203836.0 | ||
| 003 | CEMS | ||
| 245 | 0 | 0 | |a Movies [juego] : |b un juego de película / |c Cefa, España. |
| 260 | |a Argentina : |b Ruibal, [199?] | ||
| 300 | |a 1 juego(1 tablero, 6 lápices, 2 estatuillas, 1 reloj de arena, 1 dado, 12 peones en dos colores, 400 tarjetas con 2.000 títulos de películas repaartidos en 5 temas diferentes) ; en caja 27 x 26 x 8 cm. + manual de instrucciones. | ||
| 500 | |a Para 4 a 12 jugadores a partir de 9 años y adultos objetivo:conseguir la estatuilla al mejor director adivinando los títulos de las películas por la interpretación de la mímica del compañero. | ||
| 082 | 0 | 4 | |a J793.24 |
| 653 | |a 1. juegos de deducción | ||
| 653 | |a 2. juegos para fiestas | ||
| 653 | |a 3.juegos de entretenimiento general | ||
| 859 | |a CEMS |b BIB. CEMS - Ludoteca |h J793.24 |i C328 |p 094.96 |t Ej.1 | ||
